Geometry (Record no. 325608)

MARC details
000 -LEADER
fixed length control field 00470nam a2200181Ia 4500
008 - FIXED-LENGTH DATA ELEMENTS--GENERAL INFORMATION
fixed length control field 230718s9999 xx 000 0 und d
020 ## - INTERNATIONAL STANDARD BOOK NUMBER
International Standard Book Number 9780982423837
041 ## - LANGUAGE CODE
Language code of text/sound track or separate title eng
082 ## - DEWEY DECIMAL CLASSIFICATION NUMBER
Classification number 658.1
Item number MAN
100 ## - MAIN ENTRY--PERSONAL NAME
Personal name Manhattan GMAT
245 ## - TITLE STATEMENT
Title Geometry
Remainder of title Math Strategy Guide 5
250 ## - EDITION STATEMENT
Edition statement 4th ed.
260 ## - PUBLICATION, DISTRIBUTION, ETC. (IMPRINT)
Date of publication, distribution, etc. 2009
Name of publisher, distributor, etc. MG Prep.Inc.
300 ## - PHYSICAL DESCRIPTION
Extent 113
365 ## - TRADE PRICE
Currency code Rs.
Price amount 1274.00
700 ## - ADDED ENTRY--PERSONAL NAME
Personal name Manhattan GMAT
906 ## - LOCAL DATA ELEMENT F, LDF (RLIN)
d O:0104225-Aug-2010B:471520-Jul-2010
c COMP
b 254.8
Holdings
Withdrawn status Lost status Damaged status Not for loan Home library Current library Date acquired Vendor Budget Code Cost, normal purchase price Bill number Total Checkouts Full call number Barcode Date last seen Discount Cost, replacement price Bill Date Koha item type Original Barcode
        Cummins College of Engineering for Women Pune Cummins College of Engineering for Women Pune 25/08/2010 Tbs COMP 1019.20 4715   658.1 CCEP-BK-36815 18/07/2023 254.8 1274.00 20/07/2010 Books 036815